[Event "Hemus (4eme open)"]
[Site "?"]
[Date "2004.05.01"]
[Round "2.3"]
[White "Bednikova Stefi"]
[Black "Filev Georgi"]
[Result "0-1"]
[WhiteElo "2100"]
[BlackElo "2305"]
[PlyCount "102"]
[EventDate "2004.??.??"]
[Source "www.chesslib.no"]
[SourceDate "2004.05.04"]

1. e4 e5 2. Nf3 Nc6 3. Bb5 a6 4. Ba4 Nf6 5. O-O Nxe4 6. Re1 Nc5 7. Bxc6 dxc6 8. Nxe5 Be6 9. d4 Nd7 10. Bf4 Be7 11. c3 O-O 12. Nd2 Nf6 13. Qf3 Bd5 14. Qe2 Re8 15. c4 Be6 16. Ndf3 Bf8 17. Rad1 Qc8 18. Ng5 h6 19. Nxe6 Qxe6 20. Qf3 Rad8 21. b3 Bb4 22. Bd2 Bxd2 23. Rxd2 Ng4 24. Rde2 Nxe5 25. Rxe5 Qd7 26. Rxe8+ Rxe8 27. Rxe8+ Qxe8 28. Qe3 Qd7 29. g3 Kf8 30. Qe5 f6 31. Qc5+ Kf7 32. Qa7 Qc8 33. Qc5 Qd7 34. Kg2 Kg6 35. d5 cxd5 36. cxd5 Qd6 37. Qc2+ Kf7 38. Qe4 g6 39. f4 Qe7 40. Qc4 Ke8 41. Qd3 f5 42. Kf3 Kd7 43. Qd4 g5 44. Qe5 Qf7 45. g4 fxg4+ 46. Kxg4 gxf4 47. Qxf4 h5+ 48. Kg5 Qxd5+ 49. Kh4 c5 50. Qf8 b5 51. Qg7+ Ke6 0-1

[Event "Moratalaz op 17th"]
[Site "Madrid"]
[Date "2001.10.20"]
[Round "4"]
[White "Gonzalez Somoza, Oliver"]
[Black "Roa Alonso, Santiago"]
[Result "1-0"]
[WhiteElo "2051"]
[BlackElo "2335"]
[PlyCount "50"]
[EventDate "2001.10.17"]
[Source "ChessBase"]
[SourceDate "2001.10.26"]

1. e4 e5 2. Nf3 Nc6 3. Bb5 a6 4. Ba4 Nf6 5. O-O Nxe4 6. Re1 Nc5 7. Bxc6 bxc6 8. Nxe5 Be7 9. d4 Nb7 10. Bg5 O-O 11. Nxc6 Bxg5 12. Nxd8 Bxd8 13. Nc3 Nd6 14. Ne4 Nf5 15. d5 d6 16. c4 Nh4 17. c5 f5 18. cxd6 fxe4 19. dxc7 Bf6 20. d6 Bd7 21. Rxe4 Kh8 22. Re7 Bc6 23. Rc1 Bb7 24. Qb3 Bxg2 25. Rf7 Bd4 1-0

[Event "RLSW_Sonthofen1-Unterhaching1"]
[Site "?"]
[Date "2005.01.16"]
[Round "5.1"]
[White "Stein Isjaslaw"]
[Black "Appel Helmut"]
[Result "1/2-1/2"]
[WhiteElo "2200"]
[BlackElo "2185"]
[PlyCount "81"]
[EventDate "2005.??.??"]
[Source "www.chesslib.no"]
[SourceDate "2004.05.04"]

1. e4 e5 2. Nf3 Nc6 3. Bb5 a6 4. Ba4 Nf6 5. O-O Nxe4 6. Re1 Nc5 7. Bxc6 dxc6 8. d4 Ne6 9. dxe5 Qxd1 10. Rxd1 Nc5 11. h3 Bf5 12. c3 Nd3 13. Nh4 Be4 14. Nd2 Bd5 15. Nb3 Nxe5 16. Re1 f6 17. f4 g5 18. fxg5 O-O-O 19. gxf6 Bd6 20. Bh6 Nd7 21. Rf1 Kb8 22. f7 Bf8 23. Bg5 Rc8 24. Rae1 h6 25. Be7 Rh7 26. Bxf8 Rxf8 27. Re8+ Ka7 28. Nc5 Rfxf7 29. Nxd7 Rxd7 30. b3 b5 31. Rff8 c5 32. Rh8 Kb6 33. Ref8 Ka5 34. Rxh7 Rxh7 35. Rf6 c6 36. Nf5 c4 37. Nxh6 cxb3 38. axb3 c5 39. g4 Bxb3 40. g5 Bc2 41. Rf2 1/2-1/2